01175npm a2200253 i 45000010005000000030009000050050017000140070014000310080041000450800017000860800019001031000028001222450259001502600065004093000052004745000067005265010083005935010077006766500029007537000022007827000056008047400040008608520021009005292ES-MaACL20250928104140.0hzrazu bucu900427r19901641sp a 00010 spa d a9(465.2+467) a328(465.2+467)1 aBlancas, Jerónimo de.10aCoronaciones de los Serenissimos Reyes de Aragon b: [Microforma] /cescritas por Geronimo de Blancas... Con dos tratados del modo de tener Cortes, del mismo autor y de Geronimo Martel... Publicado... Iuan Francisco Andres de Vztarroz, con algunas notas. aMadrid : bAteneo Cientifico, Literario y Artistico, c1990. a1 carrete de microfilme : bnegativo ; c16 mm. aPublicado originalmente: Zaragoza, Diego Dormer, 1641, en 2 v. aCon: Modo de proceder en Cortes de Aragon / escrito por Geronimo de Blancas... aCon: Forma de celebrar Cortes en Aragon / escrita por Geronimo Martel...14aObras anteriores a 1800.1 aMartel, Geronimo.1 aAndrés de Uztárroz, Juan Francisco, d1606-16530 aForma de celebrar Cortes en Aragon. aES-MaACLjMC-383